<?xml version="1.0" encoding="UTF-8"?>
<record
    xmlns:xsi="http://www.w3.org/2001/XMLSchema-instance"
    xsi:schemaLocation="http://www.loc.gov/MARC21/slim http://www.loc.gov/standards/marcxml/schema/MARC21slim.xsd"
    xmlns="http://www.loc.gov/MARC21/slim">

  <leader>00601nam a22001697a 4500</leader>
  <controlfield tag="005">20260509152900.0</controlfield>
  <controlfield tag="008">260509b        |||||||| |||| 00| 0 eng d</controlfield>
  <datafield tag="020" ind1=" " ind2=" ">
    <subfield code="a">9789372127010</subfield>
  </datafield>
  <datafield tag="040" ind1=" " ind2=" ">
    <subfield code="a">SGVU Library </subfield>
    <subfield code="c">SGVU Library </subfield>
  </datafield>
  <datafield tag="082" ind1=" " ind2=" ">
    <subfield code="2">22</subfield>
    <subfield code="a">632.95</subfield>
    <subfield code="b">CHD B</subfield>
  </datafield>
  <datafield tag="100" ind1=" " ind2=" ">
    <subfield code="a">Chaddar Dhawarka Nisha </subfield>
    <subfield code="9">40324</subfield>
  </datafield>
  <datafield tag="245" ind1=" " ind2=" ">
    <subfield code="a">Bioformulation And Nanoformulation, &#x91C;&#x948;&#x935;&#x938;&#x902;&#x92F;&#x94B;&#x91C;&#x928; &#x90F;&#x935;&#x902; &#x938;&#x942;&#x915;&#x94D;&#x937;&#x94D;&#x92E;&#x938;&#x902;&#x92F;&#x94B;&#x91C;&#x928; </subfield>
    <subfield code="h">Hindi </subfield>
  </datafield>
  <datafield tag="260" ind1=" " ind2=" ">
    <subfield code="a">New Delhi , India </subfield>
    <subfield code="b">Kalyani Publishers</subfield>
    <subfield code="c">2026</subfield>
  </datafield>
  <datafield tag="300" ind1=" " ind2=" ">
    <subfield code="a">188p</subfield>
    <subfield code="b">PB</subfield>
  </datafield>
  <datafield tag="650" ind1=" " ind2=" ">
    <subfield code="a">Agriculture</subfield>
    <subfield code="y">G4773</subfield>
    <subfield code="9">40325</subfield>
  </datafield>
  <datafield tag="942" ind1=" " ind2=" ">
    <subfield code="2">ddc</subfield>
    <subfield code="c">BOOKS</subfield>
    <subfield code="k">632.95 CHD B</subfield>
  </datafield>
  <datafield tag="999" ind1=" " ind2=" ">
    <subfield code="c">90292</subfield>
    <subfield code="d">90292</subfield>
  </datafield>
  <datafield tag="952" ind1=" " ind2=" ">
    <subfield code="0">0</subfield>
    <subfield code="1">0</subfield>
    <subfield code="2">ddc</subfield>
    <subfield code="4">0</subfield>
    <subfield code="7">0</subfield>
    <subfield code="a">SGVU</subfield>
    <subfield code="b">SGVU</subfield>
    <subfield code="d">2026-05-09</subfield>
    <subfield code="e">KALYANI PUBLISHERS</subfield>
    <subfield code="g">250.00</subfield>
    <subfield code="l">0</subfield>
    <subfield code="o">632.95 CHD B</subfield>
    <subfield code="p">G4773</subfield>
    <subfield code="r">2026-05-09 15:30:02</subfield>
    <subfield code="v">250.00</subfield>
    <subfield code="w">2026-05-09</subfield>
    <subfield code="y">BOOKS</subfield>
  </datafield>
</record>
